|
|
|
|
| LEADER |
01145nam a2200265 u 4500 |
| 001 |
10011434 |
| 003 |
upatras |
| 005 |
20210117204359.0 |
| 008 |
881025s1980 eng |
| 020 |
|
|
|a 0856857297
|
| 040 |
|
|
|a GR-PaULI
|c GR-PaULI
|
| 041 |
0 |
|
|a eng
|
| 082 |
0 |
4 |
|a 796.48
|
| 245 |
1 |
0 |
|a The history of the Olympics
|
| 260 |
|
|
|a London
|b Marshall Cavendish
|c 1980
|
| 300 |
|
|
|a 200 p.
|b phot.
|c 31 cm
|
| 505 |
1 |
|
|a Includes list of Olympic Metalists
|
| 650 |
|
4 |
|a Ολυμπιακοί Αγώνες
|x Ιστορία
|9 41454
|
| 650 |
|
4 |
|a Ολυμπιακοί Αγώνες
|9 20321
|
| 852 |
|
|
|a GR-PaULI
|b ΠΑΤΡΑ
|b ΒΚΠ
|b ΒΣ1
|k ΔΩΡΕΕΣ
|h Κ 796.48 C
|m 28322
|p 025000093989
|t 1
|
| 852 |
|
|
|a GR-PaULI
|b ΠΑΤΡΑ
|b ΒΚΠ
|b ΒΣ1
|k ΔΩΡΕΕΣ
|h Κ 796.48 C
|m 28360
|p 025000093990
|t 2
|
| 942 |
|
|
|2 ddc
|
| 952 |
|
|
|0 0
|1 0
|4 0
|6 Κ_796_480000000000000_C
|7 0
|9 144207
|a LISP
|b LISP
|c BSC
|d 2016-04-24
|i 28322
|l 0
|o Κ 796.48 C
|p 025000093989
|r 2016-04-24 00:00:00
|t 1
|w 2016-04-24
|
| 952 |
|
|
|0 0
|1 0
|4 0
|6 Κ_796_480000000000000_C
|7 0
|9 144208
|a LISP
|b LISP
|c BSC
|d 2016-04-24
|i 28360
|l 0
|o Κ 796.48 C
|p 025000093990
|r 2016-04-24 00:00:00
|t 2
|w 2016-04-24
|
| 999 |
|
|
|c 93854
|d 93854
|